| 000 -Cabecera (24) |
| Campo de control interno |
00952nas a22003014a 4500 |
| 001 - Número de control |
| Campo de control |
ESSALUD |
| 005 - Fecha y hora de la |
| Campo de control |
20260702111725.0 |
| 008 - Códigos de longitud fija (40p) |
| Campo de control de longitud fija |
m20092018pe qr r 0 0 spa d |
| 022 ## - ISSN |
| ISSN |
3119-768X |
| 040 ## - Origen de la Catalogacion |
| Origen de la Catalogacion |
ESSALUD |
| 041 ## - Código de idioma (R) |
| Código de lengua del texto/banda sonora o título independiente (R) |
spa |
| 082 ## - Número de la Clasificación |
| Número de la Clasificación |
PRALAB |
| 245 ## - Titulo |
| Titulo |
Praxis Laboral & Procesal Laboral |
| 260 ## - Editorial |
| Ciudad |
Lima |
| Nombre de la Editorial |
Grupo Praxis Formación Profesional, 2026- |
| 362 ## - Fecha de publicación o designacion secuencial (semestral, anual, quincenal) |
| Fecha de publicación o designacion secuencial (semestral, anual, quincenal) |
Bimestral |
| 500 ## - Nota General |
| Nota General |
Descripción basada en: N° 1, Año 1 (enero 2026)<br/> |
| 650 ## - Temas - Descriptores |
| Temas - Descriptores |
DERECHO / ANÁLISIS, INTERPRETACIÓN |
| 9 (RLIN) |
37736 |
| 650 ## - Temas - Descriptores |
| Temas - Descriptores |
DERECHOS LABORALES |
| 9 (RLIN) |
2903 |
| 650 ## - Temas - Descriptores |
| Temas - Descriptores |
DERECHO PROCESAL LABORAL |
| 9 (RLIN) |
53112 |
| 650 ## - Temas - Descriptores |
| Temas - Descriptores |
SEGURIDAD SOCIAL |
| 9 (RLIN) |
2070 |
| 650 ## - Temas - Descriptores |
| Temas - Descriptores |
INVESTIGACIÓN |
| 9 (RLIN) |
164 |
| 650 ## - Temas - Descriptores |
| Temas - Descriptores |
PUBLICACIONES PERIÓDICAS |
| 9 (RLIN) |
1041 |
| 650 ## - Temas - Descriptores |
| Temas - Descriptores |
PERÚ |
| 9 (RLIN) |
13 |
| 700 ## - Autor Personal |
| Autor Personal |
Tarazona Pinedo, Manolo |
| Término indicativo de función (R) |
dir. |
| 9 (RLIN) |
53113 |
| 700 ## - Autor Personal |
| Autor Personal |
Toyama Miyagusuku, Jorge |
| Término indicativo de función (R) |
dir. |
| 9 (RLIN) |
21424 |
| 700 ## - Autor Personal |
| Autor Personal |
Vinatea Recoba, Luis |
| Término indicativo de función (R) |
dir. |
| 9 (RLIN) |
46867 |
| 942 ## - Elementos personalizados Koha |
| Tipo de Documento |
Títulos de Revistas |
| Fecha procesamiento |
2026-06-30 |
| Catalogador |
sqb |